По ходатайству Импермской городской думы о принятии мер к разгрузке пермских исправительного отделения и губернской тюрьмы в свя...

RUSMARC
00003826cbc2a2200000#x 450
001b01857a438cd469b8d15c54466986548
00520200826103947.0
100##$a20130925l19091909k y0rusy0189 ca
1010#$arus
102##$aRU
251##$cДело
2250#$aФонд Совет министров (1905-1917)
$hОпись № 5
$i1909 г.
300##$aМашинописный текст
324##$aПленка
801#0$aRU
$bРГИА
$c20130925
801#1$aRU
$bГлавНИВЦ
$c20130925
$2rusmarc
801#2$aRU
$bПБ им. Б.Н. Ельцина
$c20131007
$gRCR
$2rusmarc
850##$aФедеральное казенное учреждение "Российский государственный исторический архив" (РГИА)
852##$aРГИА
$j79
937##$aASBIBLIO_SCAN
$bРГИА_1276:_5:_79:
$d1446626
$hРГИА
2001#$aПо ходатайству Импермской городской думы о принятии мер к разгрузке пермских исправительного отделения и губернской тюрьмы в связи с эпидемией тифа среди заключенных
$j13 - 28 февраля 1909 года
215##$a11 листов
035##$ab01857a438cd469b8d15c54466986548
605##$2acquisition_Prlib
$3LIBNET\UAF\0000089563
$aПредупреждение и борьба с эпидемиями в России
$lколлекция
1222#$ad19090213##
$ad19090228##
461#0$1001c7912e80-a322-4844-9992-beca65726c82
$12001
$aСовет министров (1905-1917)
$1251
$cФонд
$1852
$j1276
462#0$100164261bc6-18ac-401c-bae1-b17ceb7bb47e
$12001
$a1909 г.
$vД. 79
$1251
$cОпись
$1852
$j5
Формат отображения